| 000 | 00571nam a2200217 a 4500 | ||
|---|---|---|---|
| 001 | BRCA_4010 | ||
| 005 | 20190320204518.0 | ||
| 008 | 160110s1957----nyu#######---#000-0#eng-# | ||
| 041 | _aeng | ||
| 044 | _anyu | ||
| 050 | 4 |
_aPZ3 _b.G37 1957 |
|
| 100 | 1 |
_aGardner, Erle Stanley. _910425 |
|
| 245 | 1 | 0 |
_aThe Case of the Screaming Woman _cErle Stanley Gardner. |
| 260 |
_aNueva York _bW. Morrow _c1957 |
||
| 300 |
_a246 p. _c20 cm. |
||
| 440 | 0 |
_aThe Perry Mason cases _910426 |
|
| 500 | _aCEF19 | ||
| 650 | 1 | 4 |
_aNovelas policĂacas _9877 |
| 902 | _aGFM | ||
| 942 |
_2lcc _cB |
||
| 999 |
_c3736 _d3736 |
||